Lady and the Tramp - He's a Tramp Lyrics - Statistics

General Stats
  • This quiz has been taken 45 times
  • The average score is 78 of 106
Answer Stats
Answer % Correct
He
100%
he
100%
He's
100%
he's
100%
tramp
100%
a
97%
I
94%
i
94%
him
90%
love
87%
But
84%
and
74%
And
74%
that
74%
way
74%
wish
74%
they
71%
heart
68%
his
68%
travel
68%
Breaks
65%
good
65%
new
65%
You
65%
you
65%
could
61%
day
61%
it
61%
of
61%
when
61%
bad
58%
he'll
58%
never
58%
no
58%
one
58%
Yes
58%
even
55%
gives
55%
got
55%
have
55%
just
55%
plenty
55%
show
55%
trouble
55%
up
55%
cad
52%
double
52%
more
52%
nothing
52%
rover
52%
say
52%
tell
52%
there's
52%
to
52%
can
48%
If
48%
pretty
48%
were
45%
guess
42%
rounder
42%
pup
35%
scoundrel
35%
count
29%
Ev'ry
29%
No matching quizzes found
Score Distribution
Percent of People with Each Score
Percentile by Number Answered
Your Score History
You have not taken this quiz